| Tag |
First Indicator |
Second Indicator |
Subfields |
| LEADER |
00000cam a22000001a 4500 |
| 001 |
in00003029421 |
| 005 |
20190402185909.0 |
| 006 |
m o d |
| 007 |
cr un mmmapmmp |
| 008 |
070803s1916 dcu o f000 0 eng d |
| 035 |
|
|
|a cis2004152746
|
| 040 |
|
|
|a UMI
|c UMI
|d UtOrBLW
|
| 043 |
|
|
|a n-us---
|
| 099 |
|
|
|a ProQuest Serial Set Number 7102 H.doc.857
|
| 110 |
1 |
|
|a United States.
|b Congress.
|b House.
|b Committee on Appropriations.
|
| 245 |
1 |
0 |
|a Deficiency appropriation, Library of Congress, for printing and binding. Letter from the Acting Secretary of the Treasury, transmitting copy of a communication from the Librarian of Congress submitting an estimate of deficiency in the appropriation for public printing and binding required for the Library of Congress for the service of the fiscal year ending June 30, 1916.
|
| 246 |
1 |
|
|a Deficiency estimates for printing and binding for Library of Congress for 1916
|
| 264 |
|
1 |
|a Washington :
|b [publisher not identified],
|c 1916.
|
| 300 |
|
|
|a 1 online resource.
|
| 336 |
|
|
|a text
|b txt
|2 rdacontent
|
| 337 |
|
|
|a computer
|b c
|2 rdamedia
|
| 338 |
|
|
|a online resource
|b cr
|2 rdacarrier
|
| 490 |
0 |
|
|a H.doc.857
|
| 500 |
|
|
|a Record is based on bibliographic data in ProQuest U.S. Serial Set Digital Collection (last viewed Aug. 2007). Reuse except for individual research requires license from ProQuest, LLC.
|
| 510 |
3 |
|
|a ProQuest U.S. Serial Set Digital Collection
|
| 500 |
|
|
|a Electronic resource.
|
| 610 |
2 |
0 |
|a Library of Congress.
|
| 650 |
|
0 |
|a Budget
|z United States.
|
| 650 |
|
0 |
|a Printing.
|
| 655 |
|
7 |
|a Electronic books.
|2 local
|
| 710 |
2 |
|
|a ProQuest (Firm)
|
| 710 |
1 |
|
|a United States.
|b Department of the Treasury.
|
| 830 |
|
0 |
|a United States congressional serial set.
|
| 856 |
4 |
0 |
|u http://proxy.library.tamu.edu/login?url=http://congressional.proquest.com/congcomp/getdoc?SERIAL-SET-ID=7102+H.doc.857
|z Connect to the full text of this electronic book
|t 0
|
| 999 |
|
|
|a MARS
|
| 999 |
f |
f |
|s ec6fc015-df10-3099-8d82-7e645a52a076
|i eaea80c8-44c2-39ee-a22f-0b012e5e2dce
|t 0
|
| 952 |
f |
f |
|a Texas A&M University
|b College Station
|c Electronic Resources
|d Available Online
|t 0
|e ProQuest Serial Set Number 7102 H.doc.857
|h Other scheme
|
| 998 |
f |
f |
|a ProQuest Serial Set Number 7102 H.doc.857
|t 0
|l Available Online
|